logo

Bir Sreshtho Munshi Abdur Rouf Library
Jhenaidah Cadet College

বঙ্গীয় শব্দকোষ প্রথম খণ্ড / (Record no. 10220)

MARC details
000 -LEADER
fixed length control field 00808nam a2200241Ia 4500
001 - CONTROL NUMBER
JCCL Control Number 10220
003 - CONTROL NUMBER IDENTIFIER
JCCL marc code BD-JhCC
005 - DATE AND TIME OF LATEST TRANSACTION
control field 20180716193052.0
008 - FIXED-LENGTH DATA ELEMENTS--GENERAL INFORMATION
fixed length control field 080917s1966 bg a 001 0 eng d
035 ## - SYSTEM CONTROL NUMBER
system control number (BD-JhCC)10220
040 ## - CATALOGING SOURCE
Modifying agency BD-JhCC
Original cataloging agency BD-JhCC
041 ## - LANGUAGE CODE
Language code of Book ben
082 ## - DEWEY DECIMAL CLASSIFICATION NUMBER
Author mark and Year BON 1966
Classification number 491.443
100 1# - MAIN ENTRY--PERSONAL NAME
Personal name বন্দোপাধ্যায়, শ্রীহরিচরণ
245 14 - TITLE STATEMENT
Title বঙ্গীয় শব্দকোষ প্রথম খণ্ড /
Statement of responsibility, etc শ্রীহরিচরণ বন্দোপাধ্যায়
260 ## - PUBLICATION, DISTRIBUTION, ETC. (IMPRINT)
Place of publication, distribution, etc নিউ দিল্লী,
Name of publisher, distributor, etc সাহিত্য অকাদেমি,
Date of publication, distribution, etc 1966.
300 ## - PHYSICAL DESCRIPTION
Pagination 1246 p. ;
Dimensions 25 cm.
490 1# - SERIES STATEMENT
Series statement Modern classics
500 ## - GENERAL NOTE
General note অ-ন
650 ## - SUBJECT ADDED ENTRY--TOPICAL TERM
Topical term or geographic name as entry element Glossary
942 ## - ADDED ENTRY ELEMENTS (KOHA)
Source of classification or shelving scheme Dewey Decimal Classification
Koha item type Reference
Holdings
Source of classification or shelving scheme volume number Damaged status Not for loan Home library Current library Shelving location Date of accession Cost, normal purchase price Total Checkouts Full call number Barcode Date last seen Copy number Koha item type
Dewey Decimal Classification V-1     JCC Rouf Library JCC Rouf Library General Stacks 04/21/2018 100.00   491.443 BON 1966 12888 04/21/2018 C-1 Books

JCC Library | Contacts | JCC Home

Last Update on 23 September 2017
Copyright @ 2017-2020 JCC Rouf Library
Rouf Library, Jhenidah Cadet College (JCC), Bangladesh